000 01963cad a22001935a 4500
001 L139845
008 070814e20070227xxk f v 000 0 eng d
035 _a(Sirsi) u139845
041 0 _aeng
245 0 0 _aMultiplex Constructions (UK) Ltd v Honeywell Control Systems Ltd (No 2)
_h[electronic resource]
260 _c2007
520 _a[2007] EWHC 447 (TCC), 6 March 2007. Questions whether time was set at large under one of the sub-contracts for the Wembley Stadium project and considers the prevention principle. The claimant contractor (M) had entered into a contract with the defendant sub-contractor (H). Clause 4 of the sub-contract conditions stated that M could issue a request for a variation proposal and clause 11 concerned extending time for the completion of the works where written notice of any relevant event was given. Substantial delays occurred, M issued three revised programmes to H under clause 4, and a dispute arose regarding whether M had put time at large under the sub-contract. The adjudicator determined that time had been put at large because the three programmes had been issued under clause 4, and clause 11 did not contain any mechanism for extending time in respect of delay caused by a direction under clause 4. M sought declarations to the effect that time had not been set at large. "Held": M was entitled to declarations that the notices of variation under the sub-contract had not set time at large. M's acts of prevention did not set time at large if the contract provided for extension of time in respect of those events.
590 _aKA
650 2 4 _aMULTIPLEX CONSTRUCTIONS (UK) LTD V HONEYWELL CONTROL SYSTEMS LTD (NO 2)
651 4 _aEngland and Wales
_y1543-
690 _aBUILT ENVIRONMENT-CONSTRUCTION MANAGEMENT-BUILDING CONTRACT ADMINISTRATION
856 4 0 _uhttps://www.bailii.org/cgi-bin/markup.cgi?doc=/ew/cases/EWHC/TCC/2007/447.html
_zView the judgment free of charge at www.bailii.org...
942 _n0
999 _c79104
_d79104